00317nam a2200121Ia 4500008004000000082001300040100002300053245004400076250000500120260003300125300001300158650002400171210210b1967 xxu||||| |||| 00| 0 eng d a582 GUPT aGUPTA (Raj Kumar). aTextbook of systematic botany. Rev Ed.2 a aDelhibAtma Ram & Sonsc1967 aviii,575 aSystematic Botany